O susto da toupeira marota (Registo nº 4370)

Detalhes MARC
000 -Etiqueta do registo
Cabeçalho 00939nam0a2200277 4500
005 - Identificador da versão
Campo de controlo 20240904163819.0
010 ## - Número internacional normalizado dos livros (ISBN)
Número (ISBN) 972730138X
021 ## - Número do Depósito Legal
Código do país PT
Número 147448/2000
100 ## - Dados gerais de processamento
Dados gerais de processamento 20170310d2000 c y0pory5003 ba
101 1# - Língua de publicação
Língua do texto, banda sonora, etc. Português
Língua do documento no original Francês
102 ## - Pais de publicação ou produção
País de publicação Portugal
200 1# - Titulo e menção de responsabilidade
Título próprio O susto da toupeira marota
Informação de outro título um livro sobre a obediência
Primeira menção de responsabilidade história original e ilustrações de Véronique Bastin
Outras menções de responsabilidade trad. Cristina Soeiro
210 ## - Publicação, Distribuição, etc. 
Lugar da edição, distribuição, etc. Loures
Nome do editor, distribuidor, etc. Crerital
Lugar da edição, distribuição, etc. Porto
Nome do editor, distribuidor, etc. Nova Variante
Data da publicação, distribuição, etc. D. L. 2000
215 ## - Descrição física 
Indicação específica da natureza do documento e extensão da espécie 29, [2] p.
Outras indicações físicas il. color
225 1# - Colecção 
Título próprio da colecção Biblioteca de valores
606 ## - Nome comum usado como assunto
Número de registo de entrada de autoridade 0001472
Palavra de ordem Literatura belga em língua francesa
Subdivisão de assunto Conto
Código do sistema CA
Número de registo de entrada de autoridade 0001753
Palavra de ordem Obediência
Código do sistema CA
675 ## - Classificação Decimal Universal (CDU)
Notação 821.133.1(493)-34
Edição 3ª ed.
Língua da edição por
Notação 179.9
Edição 3ª ed.
Língua da edição por
700 #1 - Nome de autor-pessoa física (responsabilidade principal)
Número de registo de entrada de autoridade 0001759
Palavra de ordem Bastin
Outra parte do nome não tomada para palavra de ordem Véronique
Datas 1964-
702 #1 - Nome de autor-pessoa física (responsabilidade secundária)
Número de registo de entrada de autoridade 0000663
Palavra de ordem Soeiro
Outra parte do nome não tomada para palavra de ordem Cristina
Código de função Tradutor
Número de registo de entrada de autoridade 0001759
Palavra de ordem Bastin
Outra parte do nome não tomada para palavra de ordem Véronique
Datas 1964-
Código de função Ilustrador / Técnico de desenho computorizado
942 ## - Elementos de entrada adicionados (Koha)
Tipo de item no Koha Livro
966 ## - Identificação da Biblioteca
Sigla EBVEN
Exemplares
Situação do levantamento Origin of item (home branch) (coded) Biblioteca de empréstimo Código de barras Cota Circulation type (not for loan) Tipo de documento Nota do exemplar Damaged status
  Biblioteca Escolar das Vendas Biblioteca Escolar das Vendas BEV1800 8EST VAL   Livro Sem mensagem